000 00267nam a22001217a 4500
003 OSt
008 150215b xxu||||| |||| 00| 0 eng d
100 1 _aSutton, R J
041 _aeng
050 0 0 _a72-3134
245 1 0 _aThe Stamp Collector's Encyclopedia
300 _a0 pages
999 _c801
_d801